| 000 | 00985nam a22002417a 4500 | ||
|---|---|---|---|
| 999 |
_c79110 _d79110 |
||
| 005 | 20190920145039.0 | ||
| 010 | _aB-522125-137 | ||
| 020 |
_a9788131913352 _c125.00 |
||
| 035 | _aB-522125-137 | ||
| 037 |
_bBBB/Ven. _adpl |
||
| 082 | _a363.73874 | ||
| 245 |
_aEnvironment : _bglobal warming / _cedited by Anil Kumar Tomar [and] Hitesh Iplani; iilustrated by Suman S. Roy [and] Tanoy Choudhury |
||
| 260 |
_aNew Delhi _bPegasus an imprint of B. Jain Publishers _c00?? |
||
| 270 |
_a1921/10, Chuna Mandi, Paharganj, _bNew Delhi _e110055 |
||
| 300 |
_a31p. : _c26cm(Hb) _bcol.ill. |
||
| 490 | _aPegasus encyclopedia library | ||
| 500 | _aIncludes index | ||
| 700 | _aTomar, Anil Kumar | ||
| 700 | _aIplani, Hitesh | ||
| 942 |
_2ddc _cCH _mENV _h363.73874 |
||